000 nam a22 7a 4500
999 _c8066
_d8066
008 171125b xxu||||| |||| 00| 0 eng d
100 _aReaders Digest
_92541
245 _aBeginers Guide to Gardenning
260 _aLondon
_bReader`s Digest